000 00624nam a2200193 i 4500
001 185771
003 ES-MaACL
005 20250816050200.0
008 160808q1920 ger |||| | deu d
100 1 _aUxkull-Gyllenband, Woldemar.
_9160371
245 1 0 _aFrühgriechische plastik /
_cmit einem vorwort von Woldemar Graf Uxkullgyllenband.
260 _aBerlin :
_bE. Wasmuth A. G.,
_c[1920]
300 _a14 p., 48 p. de lám. ;
_c26 cm.
490 1 _aOrbis pictus ;
_v3
650 0 7 _aEscultura griega
_2embne
_912443
830 0 _aOrbis pictus ;
_v3
_9192388
852 _aES-MaACL
_jG-13359
999 _c185771
_d185771